|
|
|
|
| LEADER |
00675cam a2200157 7i4500 |
| 001 |
0000030223 |
| 005 |
20130925090000.0 |
| 090 |
0 |
0 |
|a INDO 338.7025
|b COO
|
| 110 |
2 |
0 |
|a Cooperatives and MSMEs Services of Central Java Province
|
| 245 |
2 |
0 |
|a Catalogue of the ultimate product of micro, small and medium enterprises in Central Java.
|
| 260 |
0 |
0 |
|a Central Java:
|b Cooperatives and MSMEs Services of Central Java Province,
|c 2013.
|
| 300 |
# |
# |
|a 88 p.
|
| 650 |
0 |
0 |
|a Small and medium industries --
|x Directories --
|z Indonesia
|
| 650 |
0 |
0 |
|a Small and medium enterprises --
|x Directories --
|z Indonesia
|
| 651 |
0 |
0 |
|a Indonesia
|
| 999 |
|
|
|a 0000032824
|b Directories
|c Countries
|e Business Information Centre
|